000 00376cam a22001217a 4500
008 180718b1989 xxu||||| |||| 00| 0 eng d
082 _aAPPPA 88-89 SHA
100 _aShankar, N.
245 _aM.I.S. in directorate general of supplies and disposals
_cby N. Shankar
260 _aNew Delhi
_bIndian Institute of Public Administration
_c1989
300 _a115p.
650 _aM.I.S.
999 _c501490
_d501490